Прогнозирование и планирование использования земельных ресурсов и объектов недвижимости: учебник для бакалавриата и магистратуры

Detalhes bibliográficos
Autor principal: Комаров С. И. Станислав Игоревич
Outros Autores: Рассказова А. А. Анна Александровна
Resumo:В учебнике рассматриваются вопросы прогнозирования и планирования использования земельных ресурсов и объектов недвижимости в системе управления земельными ресурсами на различных административно-территориальных уровнях. Разобраны как традиционные, так и современные методы прогнозирования и планирования. Для лучшего освоения материала в издании содержатся примеры и практические задачи.
Idioma:russo
Publicado em: Москва, Юрайт, 2019
Colecção:Бакалавр и магистр. Академический курс
Assuntos:
Formato: Livro
KOHA link:https://koha.lib.tpu.ru/cgi-bin/koha/opac-detail.pl?biblionumber=340349

MARC

LEADER 00000nam0a2200000 4500
001 340349
005 20231102005229.0
010 |a 9785534062250 
035 |a (RuTPU)RU\TPU\book\367137 
090 |a 340349 
100 |a 20180316d2019 m y0rusy50 ca 
101 0 |a rus 
102 |a RU 
105 |a a j 001zy 
200 1 |a Прогнозирование и планирование использования земельных ресурсов и объектов недвижимости  |e учебник для бакалавриата и магистратуры  |f С. И. Комаров, А. А. Рассказова 
210 |a Москва  |c Юрайт  |d 2019 
215 |a 298 с.  |c ил. 
225 1 |a Бакалавр и магистр. Академический курс 
320 |a Библиогр.: с. 281-289 
330 |a В учебнике рассматриваются вопросы прогнозирования и планирования использования земельных ресурсов и объектов недвижимости в системе управления земельными ресурсами на различных административно-территориальных уровнях. Разобраны как традиционные, так и современные методы прогнозирования и планирования. Для лучшего освоения материала в издании содержатся примеры и практические задачи. 
606 1 |a Планировка населенных мест  |2 stltpush  |3 (RuTPU)RU\TPU\subj\49021  |9 67832 
606 1 |a Недвижимость  |x Экономика  |2 stltpush  |3 (RuTPU)RU\TPU\subj\67549  |9 83306 
610 1 |a земельные ресурсы 
610 1 |a прогнозирование 
610 1 |a планирование 
610 1 |a использование 
610 1 |a математическая статистика 
610 1 |a управление 
610 1 |a информационное обеспечение 
610 1 |a стратегическое планирование 
610 1 |a территориальное планирование 
610 1 |a эффективность 
610 1 |a учебники 
675 |a 711.4(075.8)  |v 4 
686 |a У9(2)422.5я73  |v LBC/SL-A  |2 rubbk 
700 1 |a Комаров  |b С. И.  |g Станислав Игоревич 
701 1 |a Рассказова  |b А. А.  |g Анна Александровна 
801 1 |a RU  |b 63413507  |c 20180316 
801 2 |a RU  |b 63413507  |c 20190619  |g RCR 
942 |c BK 
959 |a 2/20180221  |d 1  |e 729,00  |f ЧЗТЛ:1